000 00311nam a2200109Ia 4500
008 240731s9999 xx 000 0 und d
245 0 _aHenry Sweet Society for the History of Linguistic Ideas Bulletin
260 _bRoutledge
856 _uhttps://www.tandfonline.com/loi/ylhi19
942 _2ddc
942 _cTFEJ
999 _c76824
_d76824
945 _a1
_bMadushi Gamage
_c1
_dMadushi Gamage